[Event "OIBM99 - Bank Hofmann"]
[Site "Bad Wiessee"]
[Date "1999.10.23"]
[Round "1"]
[White "Richtmann, Peter"]
[Black "Bunzmann, Dimitrij"]
[Result "0-1"]
[WhiteElo "2012"]
[BlackElo "2596"]
[PlyCount "80"]

1. d4 e6 2. Nf3 Nf6 3. c4 b6 4. Nc3 Bb4 5. Bd2 Bb7 6. a3 Bxc3 7. Bxc3 Ne4 8.
Rc1 O-O 9. e3 d6 10. Be2 Nd7 11. O-O f5 12. b4 Rf6 13. c5 Bd5 14. cxd6 cxd6 15.
Bb2 Rh6 16. Bc4 Ndf6 17. Qe2 Qe8 18. Bxd5 Nxd5 19. Ne1 Nef6 20. h3 g5 21. f3
Qg6 22. Qa6 Nxe3 23. Rc8+ Rxc8 24. Qxc8+ Qe8 25. Qxe8+ Nxe8 26. Rf2 Rg6 27. Bc1
Nc4 28. Rc2 d5 29. Nd3 Ned6 30. a4 f4 31. Ne5 Nxe5 32. dxe5 Nc4 33. Bb2 Kf7 34.
Bd4 Rg7 35. a5 bxa5 36. bxa5 a6 37. g4 fxg3 38. Kg2 Kg6 39. Kxg3 Kf5 40. Rc1
Rb7 0-1

[Event "OIBM99 - Bank Hofmann"]
[Site "Bad Wiessee"]
[Date "1999.10.24"]
[Round "2"]
[White "Shabalov, Alexander"]
[Black "Lohou, Stephane"]
[Result "1-0"]
[WhiteElo "2566"]
[BlackElo "2165"]
[PlyCount "47"]

1. e4 c6 2. d4 d5 3. e5 Bf5 4. Nc3 e6 5. g4 Bg6 6. Nge2 Ne7 7. f4 h5 8. f5 exf5
9. g5 f4 10. Nxf4 Bf5 11. Nxh5 Ng6 12. Be2 Qd7 13. Rf1 Be6 14. Be3 c5 15. Nf4
Nxf4 16. Bxf4 Nc6 17. dxc5 Bxc5 18. Qd2 Bb4 19. a3 Ba5 20. b4 Bc7 21. O-O-O
Bxe5 22. Bxe5 Nxe5 23. Nxd5 Rh7 24. Qe3 1-0

[Event "OIBM99 - Bank Hofmann"]
[Site "Bad Wiessee"]
[Date "1999.10.24"]
[Round "2"]
[White "Flachsbart, Alexander"]
[Black "Naiditsch, Arkadij"]
[Result "0-1"]
[WhiteElo "2123"]
[BlackElo "2417"]
[PlyCount "60"]

1. e4 c5 2. Nf3 d6 3. d4 cxd4 4. Nxd4 Nf6 5. Nc3 a6 6. Bg5 e6 7. Be2 Be7 8. O-O
O-O 9. Kh1 b5 10. a3 Bb7 11. Bd3 Nbd7 12. f4 Nc5 13. Qe2 h6 14. Bh4 Nfxe4 15.
Nxe4 Bxh4 16. Nxc5 dxc5 17. Nxe6 fxe6 18. Qxe6+ Rf7 19. Bg6 Qf6 20. Bxf7+ Qxf7
21. Qg4 Bf6 22. c3 h5 23. Qh3 h4 24. Rad1 Re8 25. Qd7 Qxd7 26. Rxd7 Ba8 27. Kg1
a5 28. Kf2 b4 29. axb4 axb4 30. cxb4 Bd4+ 0-1

[Event "OIBM99 - Bank Hofmann"]
[Site "Bad Wiessee"]
[Date "1999.10.24"]
[Round "2"]
[White "Yakovich, Yuri"]
[Black "Schneider, Henning"]
[Result "1-0"]
[WhiteElo "2592"]
[BlackElo "2188"]
[PlyCount "77"]

1. d4 d5 2. c4 c6 3. Nf3 Nf6 4. Qc2 dxc4 5. Qxc4 Bf5 6. g3 Nbd7 7. Nc3 e6 8.
Bg2 Be7 9. O-O O-O 10. e3 Ne4 11. Qe2 Nxc3 12. bxc3 Be4 13. Bh3 Qa5 14. Nd2 Bf5
15. Bxf5 exf5 16. Qd3 Nf6 17. a4 g6 18. Ba3 Rfe8 19. Rfb1 Qc7 20. Rb2 h5 21.
Bxe7 Rxe7 22. Rab1 Rb8 23. Nf3 Ne4 24. c4 c5 25. Qa3 f6 26. a5 Kf7 27. Rb5 Rd7
28. dxc5 a6 29. Rb6 Nxc5 30. Nd4 Rbd8 31. Nc6 Rd1+ 32. Kg2 bxc6 33. Rxd1 Rxd1
34. Qxc5 Rd7 35. Rxa6 Qb7 36. Qxc6 Rc7 37. Qxb7 Rxb7 38. Rb6 Rc7 39. Rb4 1-0

[Event "OIBM99 - Bank Hofmann"]
[Site "Bad Wiessee"]
[Date "1999.10.25"]
[Round "3"]
[White "Paschall, William"]
[Black "Bunzmann, Dimitrij"]
[Result "1/2-1/2"]
[WhiteElo "2332"]
[BlackElo "2596"]
[PlyCount "38"]

1. g3 d5 2. Nf3 Nf6 3. Bg2 e6 4. d4 Be7 5. c4 c6 6. Qc2 O-O 7. O-O Nbd7 8. Rd1
b6 9. b3 Bb7 10. Nc3 Rc8 11. e4 c5 12. exd5 exd5 13. Nxd5 Nxd5 14. cxd5 Bxd5
15. dxc5 Rxc5 16. Qd3 Nf6 17. Be3 Rc8 18. Qb5 Bc6 19. Qa6 Qc7 1/2-1/2

[Event "OIBM99 - Bank Hofmann"]
[Site "Bad Wiessee"]
[Date "1999.10.25"]
[Round "3"]
[White "Lentrodt, Thomas"]
[Black "Shabalov, Alexander"]
[Result "0-1"]
[WhiteElo "222"]
[BlackElo "2566"]
[PlyCount "58"]

1. e4 Nf6 2. e5 Nd5 3. d4 d6 4. Nf3 Bg4 5. Be2 e6 6. O-O Be7 7. c4 Nb6 8. exd6
cxd6 9. Nc3 O-O 10. Be3 Nc6 11. b3 d5 12. c5 Nc8 13. b4 a6 14. Ne1 Bxe2 15.
Nxe2 Bf6 16. Nc2 N8e7 17. f4 g6 18. Nc1 Nf5 19. Qd2 b6 20. Nb3 a5 21. b5 a4 22.
bxc6 axb3 23. axb3 Rxa1 24. Rxa1 bxc5 25. Ra6 Qb8 26. dxc5 Qxb3 27. Rb6 Qa4 28.
c7 Qa7 29. Nb4 Nxe3 0-1

[Event "OIBM99 - Bank Hofmann"]
[Site "Bad Wiessee"]
[Date "1999.10.25"]
[Round "3"]
[White "Ibragimov, Ildar"]
[Black "Heika, Martin"]
[Result "1-0"]
[WhiteElo "2554"]
[BlackElo "2297"]
[PlyCount "61"]

1. d4 Nf6 2. c4 g6 3. Nc3 Bg7 4. e4 d6 5. Bg5 h6 6. Be3 O-O 7. f3 e5 8. Nge2 c6
9. Qd2 Kh7 10. d5 cxd5 11. cxd5 a6 12. g4 Nbd7 13. Ng3 b5 14. h4 Ne8 15. h5 g5
16. Be2 Nb6 17. O-O Bd7 18. b3 Qb8 19. Rfc1 Bf6 20. a4 b4 21. Nd1 a5 22. Nb2
Bd8 23. Bb5 Bxb5 24. axb5 Nd7 25. Rc6 Qxb5 26. Na4 Ra6 27. Rac1 Nb6 28. Rc8 Ng7
29. Qe2 Qxe2 30. Nxe2 Ra8 31. Bxb6 1-0

[Event "OIBM99 - Bank Hofmann"]
[Site "Bad Wiessee"]
[Date "1999.10.25"]
[Round "3"]
[White "Naiditsch, Arkadij"]
[Black "Caoili, Arianne"]
[Result "1-0"]
[WhiteElo "2417"]
[BlackElo "2041"]
[PlyCount "83"]

1. e4 e5 2. Nf3 Nc6 3. Bb5 Nf6 4. Qe2 a6 5. Bxc6 dxc6 6. O-O Bg4 7. h3 Bxf3 8.
Qxf3 Be7 9. d3 O-O 10. Nd2 Re8 11. Nc4 Nd7 12. Qg4 Bf8 13. f4 Bc5+ 14. Kh1 exf4
15. Bxf4 Nf8 16. Bg5 Qd7 17. Rf5 Bd4 18. c3 Ba7 19. d4 Ng6 20. h4 Qe6 21. Nd2
Ne7 22. Bxe7 Rxe7 23. b3 Rd8 24. Raf1 b5 25. a3 c5 26. d5 Qd7 27. c4 Bb6 28.
Nf3 Rde8 29. Ne5 Qc8 30. Qg3 f6 31. Ng4 Kh8 32. e5 fxe5 33. Nxe5 g6 34. Rg5 Rf8
35. Rxf8+ Qxf8 36. Rxg6 Qe8 37. Rg5 Ba5 38. Qf4 Rg7 39. Qf6 Qg8 40. Rxg7 Qxg7
41. Nf7+ Kg8 42. Nh6+ 1-0

[Event "OIBM99 - Bank Hofmann"]
[Site "Bad Wiessee"]
[Date "1999.10.26"]
[Round "4"]
[White "Aleksandrov, Aleksej"]
[Black "Naiditsch, Akardij"]
[Result "1-0"]
[WhiteElo "2619"]
[BlackElo "2417"]
[PlyCount "113"]

1. c4 Nf6 2. Nc3 e6 3. e4 d5 4. e5 d4 5. exf6 dxc3 6. bxc3 Qxf6 7. Nf3 e5 8.
Bd3 Na6 9. O-O Bd6 10. Re1 O-O 11. Bc2 Bg4 12. Rb1 Rfe8 13. h3 Bh5 14. d3 h6
15. Rxb7 Nc5 16. Rb1 Rad8 17. Qe2 Bf8 18. Be3 Bxf3 19. Qxf3 Qxf3 20. gxf3 Nxd3
21. Red1 Nf4 22. Kh2 Rxd1 23. Bxd1 c5 24. Rb5 Ne6 25. Bc2 g6 26. Be4 Kg7 27.
Bd5 Re7 28. Bxc5 Nxc5 29. Rxc5 Rd7 30. Rc6 Be7 31. Kg2 Kf8 32. Kf1 Bg5 33. Ke2
Ke7 34. Kd3 Rd6 35. Rc7+ Rd7 36. Rc8 Bh4 37. Ke3 Kd6 38. Ke4 f5+ 39. Ke3 Rc7
40. Rh8 Kc5 41. Rg8 Bg5+ 42. Kd3 Rd7 43. Rxg6 Rd6 44. Rg8 Ra6 45. Re8 Rxa2 46.
Rc8+ Kd6 47. Rc6+ Kd7 48. c5 Ra5 49. Kc4 Be7 50. Kb4 Ra1 51. Rxh6 a5+ 52. Kc4
Ra4+ 53. Kb5 Ra3 54. c6+ Kc7 55. Rh7 Kd6 56. c4 Rb3+ 57. Kxa5 1-0

[Event "OIBM99 - Bank Hofmann"]
[Site "Bad Wiessee"]
[Date "1999.10.26"]
[Round "4"]
[White "Bunzmann, Dimitrij"]
[Black "Asylguzhin, Radik"]
[Result "1/2-1/2"]
[WhiteElo "2596"]
[BlackElo "2294"]
[PlyCount "108"]

1. b3 e5 2. Bb2 d6 3. e3 Nd7 4. d4 c6 5. Nf3 e4 6. Nfd2 d5 7. c4 Bd6 8. Ba3
Ndf6 9. Bxd6 Qxd6 10. Nc3 Ne7 11. Be2 O-O 12. c5 Qe6 13. b4 Ne8 14. b5 Qg6 15.
g3 Qe6 16. bxc6 bxc6 17. Rb1 Qh3 18. Bf1 Qd7 19. Qa4 Qc7 20. Be2 Nf6 21. Nb3
Rb8 22. Qa5 Qxa5 23. Nxa5 Rxb1+ 24. Nxb1 Bg4 25. Bxg4 Nxg4 26. h3 Rb8 27. O-O
Nf6 28. Na3 Kf8 29. Rb1 Rxb1+ 30. Nxb1 Ke8 31. Na3 Kd7 32. Nc2 Ne8 33. Nb4 Nc7
34. f3 f5 35. g4 g6 36. gxf5 gxf5 37. Kf2 Ne6 38. fxe4 fxe4 39. Naxc6 Nxc6 40.
Nxd5 Ng5 41. h4 Nf3 42. Nf6+ Ke6 43. Nxe4 Nxh4 44. Ng5+ Kd5 45. Nxh7 Nxd4 46.
exd4 Nf5 47. Nf6+ Kxd4 48. c6 Ne7 49. c7 Ke5 50. Ng8 Nc8 51. Ke3 Ke6 52. Kd4
Kd7 53. Kc5 Kxc7 54. Nf6 Nb6 1/2-1/2

[Event "OIBM99 - Bank Hofmann"]
[Site "Bad Wiessee"]
[Date "1999.10.27"]
[Round "5"]
[White "Ibragimov, Ildar"]
[Black "Fischer, Johannes"]
[Result "1-0"]
[WhiteElo "2554"]
[BlackElo "2348"]
[PlyCount "71"]

1. d4 Nf6 2. c4 c5 3. d5 e6 4. Nc3 exd5 5. cxd5 d6 6. e4 g6 7. h3 Bg7 8. Nf3
O-O 9. Bd3 Re8 10. O-O c4 11. Bc2 b5 12. a3 Bd7 13. Bf4 Qb6 14. Be3 Qc7 15. Nd4
Qb7 16. Qf3 Na6 17. Rad1 b4 18. axb4 Nxb4 19. Bb1 h5 20. Bg5 Nh7 21. Bf4 Qb6
22. Be3 Qb8 23. Qg3 a5 24. Nf5 h4 25. Nxh4 Kh8 26. Bd4 Be5 27. f4 Bxd4+ 28.
Rxd4 Qb6 29. Nf3 a4 30. Qf2 Rec8 31. e5 a3 32. e6 Be8 33. f5 Nd3 34. Bxd3 cxd3
35. Ng5 Qd8 36. Nxh7 1-0

[Event "OIBM99 - Bank Hofmann"]
[Site "Bad Wiessee"]
[Date "1999.10.27"]
[Round "5"]
[White "Naiditsch, Arkadij"]
[Black "Gabriel, Josef"]
[Result "1-0"]
[WhiteElo "2417"]
[BlackElo "2211"]
[PlyCount "77"]

1. e4 g6 2. d4 Bg7 3. Nc3 c6 4. f4 d5 5. e5 h5 6. Nf3 Nh6 7. Be3 Bg4 8. h3 Nf5
9. Bf2 Bxf3 10. Qxf3 h4 11. Bd3 e6 12. O-O Bf8 13. Ne2 Be7 14. b3 Nd7 15. Kh1
f6 16. Qg4 Kf7 17. Ng1 Rh5 18. Bxf5 exf5 19. e6+ Kg7 20. Qe2 Nb6 21. c4 dxc4
22. bxc4 Qc7 23. Rab1 Qxf4 24. c5 Nd5 25. Rxb7 Qe4 26. Re1 Qxe2 27. Nxe2 g5 28.
Rc1 Rhh8 29. Nc3 Rhb8 30. Rd7 Kf8 31. Nxd5 cxd5 32. Rxd5 Rb2 33. Rxf5 Rc8 34.
a3 Kg7 35. Rf3 Kg6 36. Rd1 Re2 37. d5 Bxc5 38. Bxc5 Rxc5 39. d6 1-0

[Event "OIBM99 - Bank Hofmann"]
[Site "Bad Wiessee"]
[Date "1999.10.27"]
[Round "5"]
[White "Paasinkagas-Tella, Johanna"]
[Black "Bunzmann, Dimitrij"]
[Result "1-0"]
[WhiteElo "2249"]
[BlackElo "2596"]
[PlyCount "129"]

1. d4 e6 2. Nf3 f5 3. c4 Nf6 4. Nc3 Bb4 5. Bg5 O-O 6. Qc2 b6 7. a3 Bxc3+ 8.
Qxc3 Bb7 9. e3 d6 10. Bd3 h6 11. Bh4 g5 12. Bg3 Nh5 13. Be2 Ng7 14. h3 Nd7 15.
Rg1 Qe7 16. Bh2 a5 17. O-O-O Rae8 18. Nd2 e5 19. Rde1 Qf6 20. f4 exf4 21. exf4
Ne6 22. Bh5 Rd8 23. g4 Ng7 24. h4 fxg4 25. hxg5 hxg5 26. fxg5 Qf2 27. Bg3 Qf5
28. Bxg4 Qxg4 29. Bxd6 Rf3 30. Nxf3 Qxf3 31. Qxf3 Bxf3 32. Be7 Re8 33. Bf6 Nxf6
34. gxf6 Rxe1+ 35. Rxe1 Nf5 36. d5 Kf7 37. Re6 b5 38. cxb5 Bxd5 39. Re5 Be6 40.
Rc5 Kxf6 41. Rxc7 Nd6 42. b6 Bd5 43. Rc5 Ke6 44. Rxa5 Nb7 45. Ra4 Kd6 46. Rh4
Kc6 47. Rh6+ Kb5 48. Rh5 Kc6 49. Kd2 Be6 50. Rh6 Nd8 51. a4 Kxb6 52. b4 Kc7 53.
Kc3 Bd5 54. b5 Nf7 55. Rh3 Kd6 56. Kb4 Ng5 57. Rh6+ Ne6 58. a5 Kc7 59. Rh7+ Kc8
60. a6 Nc7 61. Ka5 Bc4 62. a7 Bd5 63. b6 Na8 64. Rh8+ Kd7 65. Rb8 1-0

[Event "OIBM99 - Bank Hofmann"]
[Site "Bad Wiessee"]
[Date "1999.10.28"]
[Round "6"]
[White "Bunzmann, Dimitrij"]
[Black "Rüther, Rudolf"]
[Result "1-0"]
[WhiteElo "2596"]
[BlackElo "2150"]
[PlyCount "57"]

1. d4 Nf6 2. c4 g6 3. Nc3 Bg7 4. e4 d6 5. Nf3 O-O 6. Be2 e5 7. O-O Nc6 8. d5
Ne7 9. b4 Nh5 10. Re1 Nf4 11. Bf1 f5 12. Bxf4 fxe4 13. Bxe5 exf3 14. Bxg7 Kxg7
15. g3 Nf5 16. Re4 Nh6 17. Qd4+ Kg8 18. Rae1 Bd7 19. c5 a5 20. c6 axb4 21. cxb7
bxc3 22. bxa8=Q Qxa8 23. Qxc3 Rf7 24. Re7 Qa7 25. Rxd7 Rxd7 26. Re8+ Kf7 27.
Qh8 g5 28. Qf8+ Kg6 29. Re6+ 1-0

[Event "OIBM99 - Bank Hofmann"]
[Site "Bad Wiessee"]
[Date "1999.10.28"]
[Round "6"]
[White "Yakovich, Yuri"]
[Black "Naiditsch, Arkadij"]
[Result "1-0"]
[WhiteElo "2592"]
[BlackElo "2417"]
[PlyCount "149"]

1. c4 Nf6 2. Nc3 e6 3. Nf3 Bb4 4. Qb3 a5 5. g3 d5 6. Bg2 Nc6 7. a3 Bxc3 8. Qxc3
d4 9. Qc2 a4 10. d3 Nd7 11. Bd2 Nc5 12. Bb4 Qe7 13. Rb1 O-O 14. Nd2 Nxb4 15.
axb4 Na6 16. Qxa4 Qxb4 17. Qxb4 Nxb4 18. Nb3 e5 19. Kd2 Ra2 20. Na1 c6 21. Nc2
Nxc2 22. Kxc2 Bg4 23. Ra1 Rfa8 24. Rxa2 Rxa2 25. e3 Kf8 26. Re1 Be6 27. exd4
exd4 28. Re4 Ra1 29. Rxd4 Rg1 30. Be4 Rf1 31. Kc3 Rxf2 32. Rd8+ Ke7 33. Rb8 f5
34. Rxb7+ Kd6 35. Bxc6 Kxc6 36. Rxg7 Rxh2 37. b4 h5 38. b5+ Kd6 39. Kd4 Rc2 40.
Rh7 f4 41. gxf4 Bg4 42. f5 Bxf5 43. Rxh5 Bd7 44. Rh6+ Kc7 45. Rh7 Kc8 46. Rf7
Rd2 47. Rf3 Rh2 48. Kc5 Rh5+ 49. Kb6 Rh6+ 50. Kc5 Rh5+ 51. Kb6 Rh6+ 52. Ka7 Rh7
53. Ka6 Rh1 54. d4 Kd8 55. Kb6 Rh6+ 56. Kc5 Kc7 57. Rf7 Rh8 58. d5 Rc8 59. Rg7
Rd8 60. Rf7 Kb8 61. Kb6 Bc8 62. Rg7 Bf5 63. Rg5 Be4 64. Kc5 Bf3 65. Rf5 Be4 66.
Re5 Bg2 67. Kd4 Bf1 68. Rf5 Bh3 69. Rg5 Bf1 70. Rg1 Be2 71. c5 Rh8 72. b6 Bf3
73. c6 Kc8 74. Kc5 Be4 75. b7+ 1-0

[Event "OIBM99 - Bank Hofmann"]
[Site "Bad Wiessee"]
[Date "1999.10.30"]
[Round "8"]
[White "Heimrath, Reiner"]
[Black "Naiditsch, Arkadij"]
[Result "0-1"]
[WhiteElo "2205"]
[BlackElo "2415"]
[PlyCount "82"]

1. e4 c5 2. Nc3 Nc6 3. d3 d6 4. Be3 Nf6 5. h3 g6 6. Qd2 Bg7 7. Bh6 Bxh6 8. Qxh6
Nd4 9. Qd2 e5 10. Nge2 O-O 11. Ng3 h5 12. Be2 Kg7 13. O-O-O b5 14. Nf1 b4 15.
Nd5 Nxd5 16. exd5 Qa5 17. Kb1 Nb5 18. Qc1 Nc3+ 19. bxc3 bxc3 20. Nd2 Qb4+ 21.
Ka1 cxd2 22. Qxd2 Qd4+ 23. c3 Qxf2 24. Rdf1 Qg3 25. Rf3 Qh4 26. g3 Qe7 27. g4
h4 28. Qe3 f5 29. gxf5 Rxf5 30. Rg1 Qf6 31. Rb1 Rxf3 32. Bxf3 Qf4 33. Qe2 Bxh3
34. Rb7+ Kh6 35. Be4 Qc1+ 36. Rb1 Qxc3+ 37. Rb2 Rb8 38. Qd2+ Qxd2 39. Rxd2 Bf5
40. Rh2 Kg5 41. Rg2+ Kf4 0-1

[Event "OIBM99 - Bank Hofmann"]
[Site "Bad Wiessee"]
[Date "1999.10.31"]
[Round "9"]
[White "Naiditsch, Arkadij"]
[Black "Bunzmann, Dimitij"]
[Result "1-0"]
[WhiteElo "2415"]
[BlackElo "2595"]
[PlyCount "93"]

1. e4 e6 2. d4 d5 3. Nd2 c5 4. exd5 exd5 5. Bb5+ Bd7 6. Qe2+ Qe7 7. Bxd7+ Nxd7
8. dxc5 Nxc5 9. Nb3 Nf6 10. Be3 Ne6 11. O-O-O Qc7 12. Nf3 Be7 13. Qb5+ Qc6 14.
Nfd4 Qxb5 15. Nxb5 a6 16. Nc3 O-O-O 17. Rd3 Rd6 18. Rhd1 Rhd8 19. f3 h5 20. a4
b6 21. a5 bxa5 22. Na4 Kd7 23. Nxa5 Rb8 24. c4 d4 25. c5 Rd5 26. Bxd4 Rxd4 27.
Rxd4+ Nxd4 28. Rxd4+ Kc7 29. Kc2 Nd7 30. b4 Bf6 31. Re4 Rb5 32. Nc3 Bxc3 33.
Kxc3 Nxc5 34. Rc4 Kb6 35. Rxc5 Rxc5+ 36. bxc5+ Kxc5 37. Nb3+ Kd5 38. Kd3 g5 39.
Nd2 g4 40. f4 Kc5 41. Ne4+ Kb4 42. Kc2 h4 43. Nd6 Kc5 44. Nxf7 g3 45. hxg3 hxg3
46. Nh6 Kd4 47. Nf5+ 1-0